[Event "4NCL 2017-18"]
[Site "England ENG"]
[Date "2018.05.07"]
[Round "11.82"]
[White "Bukojemski, Adam"]
[Black "Richardson, John R"]
[Result "1-0"]
[BlackTitle "FM"]
[WhiteElo "2194"]
[BlackElo "2229"]
[WhiteTeam "Cambridge University"]
[BlackTeam "The ADs"]
[WhiteFideId "1114620"]
[BlackFideId "401617"]
[EventDate "2017.11.11"]

1. Nf3 d5 2. g3 Nf6 3. Bg2 e6 4. O-O Be7 5. d3 O-O 6. Nc3 c5 7. e4 d4 8. Ne2 Nc6
9. Ne1 e5 10. h3 Ne8 11. f4 f5 12. exf5 Bxf5 13. g4 Bd7 14. f5 Nd6 15. Ng3 Nb4
16. a3 Na6 17. Bd5+ Kh8 18. Nf3 Nc7 19. Be4 Bh4 20. Kg2 Bxg3 21. Kxg3 Nxe4+ 22.
dxe4 Bb5 23. Re1 Qd6 24. Qd2 Rad8 25. Qg5 d3 26. c3 Qf6 27. Qxf6 gxf6 28. Bh6
Rg8 29. Nd2 c4 30. a4 Ba6 31. Kh4 b6 32. g5 Ne8 33. Rg1 Rd6 34. gxf6 Nxf6 35.
Rxg8+ Nxg8 36. Be3 Rd7 37. Nf3 Nf6 38. Nxe5 Re7 39. Bd4 Kg8 40. a5 b5 41. Rg1+
Kf8 42. Bc5 Nxe4 43. Bb4 d2 44. f6 Nxf6 45. Rd1 Ke8 46. Bxe7 Kxe7 47. Rxd2 Bb7
48. Re2 Ne4 49. Nf3 Kf6 50. a6 Bd5 51. Nd4 Nd6 52. Kh5 Be4 53. h4 Ke5 54. Kh6 b4
55. Kg7 bxc3 56. bxc3 Kd5 57. h5 Ne8+ 58. Kf7 Nc7 59. Ra2 Kc5 60. Ne6+ Nxe6 61.
Kxe6 Kb6 62. h6 Bd3 63. Kd7 Bf5+ 64. Kd8 Bd3 65. Kc8 Bf5+ 66. Kb8 Bd3 67. Ra1
Bg6 68. Rf1 Be4 69. Rf6+ Bc6 70. Re6 1-0

[Event "4NCL 2017-18"]
[Site "England ENG"]
[Date "2018.05.07"]
[Round "11.83"]
[White "Stewart, Ashley"]
[Black "Robertson, J Stuart"]
[Result "1-0"]
[WhiteElo "2166"]
[BlackElo "2120"]
[WhiteTeam "The ADs"]
[BlackTeam "Cambridge University"]
[WhiteFideId "419001"]
[BlackFideId "417114"]
[EventDate "2017.11.11"]

1. c4 e5 2. g3 c6 3. Nf3 e4 4. Nd4 d5 5. d3 Nf6 6. Bg2 Bb4+ 7. Nc3 dxc4 8. dxc4
Bxc3+ 9. bxc3 O-O 10. O-O Re8 11. Rb1 Qa5 12. Qc2 Nbd7 13. Bf4 Qc5 14. Rfd1 Nb6
15. Nb3 Qh5 16. c5 Nc4 17. Qc1 Bh3 18. Rd4 Bxg2 19. Kxg2 Qxe2 20. Qd1 Qxd1 21.
Rbxd1 Nb2 22. Rb1 Nd3 23. Bd6 Ng4 24. Rf1 b6 25. h3 Nh6 26. g4 f5 27. g5 Nf7 28.
h4 Re6 29. Bc7 h6 30. f4 bxc5 31. Rd7 Kf8 32. Rd1 Ke8 33. R7xd3 exd3 34. Nxc5
Re2+ 35. Kf3 Rc8 36. Rxd3 Rxa2 37. Re3+ Kf8 38. g6 Nh8 39. h5 Rh2 40. Bd6+ Kg8
41. Re7 Rxh5 42. Ne6 Nxg6 43. Rxg7+ Kh8 44. Rxg6 Rg8 45. Be5+ Kh7 46. Nf8+ Rxf8
47. Rg7+ Kh8 48. Rxa7+ Kg8 49. Rg7+ Kh8 50. Rg5+ Kh7 51. Rxh5 Kg6 52. Rh1 Re8
53. Rd1 Kh5 54. Rd6 Kh4 55. Rxh6# 1-0

[Event "4NCL 2017-18"]
[Site "England ENG"]
[Date "2018.05.07"]
[Round "11.84"]
[White "Hill, Alistair"]
[Black "Wheeler, Darren P"]
[Result "1/2-1/2"]
[WhiteElo "2197"]
[BlackElo "2227"]
[WhiteTeam "Cambridge University"]
[BlackTeam "The ADs"]
[WhiteFideId "432407"]
[BlackFideId "410136"]
[EventDate "2017.11.11"]

1. Nf3 d5 2. g3 c5 3. Bg2 Nc6 4. d4 e6 5. O-O Nf6 6. c4 Be7 7. dxc5 Bxc5 8. a3
a5 9. cxd5 exd5 10. Nc3 O-O 11. Bg5 d4 12. Nb5 Be6 13. Rc1 Bb6 14. Nd2 Qd7 15.
Bxf6 gxf6 16. Ne4 Kg7 17. Ned6 Bh3 18. Qd3 Bxg2 19. Kxg2 Ne7 20. Qe4 Rfd8 21.
Rfd1 Rab8 22. Qxe7 Qxe7 23. Nf5+ Kf8 24. Nxe7 Kxe7 25. Rc4 Rbc8 26. Rxc8 Rxc8
27. Nxd4 Bxd4 28. Rxd4 Rc2 29. Re4+ Kf8 30. b3 Rb2 31. b4 Ra2 32. bxa5 Rxa3 33.
Rb4 Rxa5 34. Rxb7 Kg7 35. e3 Kg6 36. Rb4 f5 37. Kf3 Ra2 38. Rb8 Kg7 39. h3 Rc2
40. Rd8 Ra2 41. Rd1 Kg6 42. Re1 Ra4 43. Re2 Kf6 44. Rd2 Rb4 45. Rd8 Kg7 46. Rd5
Kg6 47. g4 fxg4+ 48. hxg4 Ra4 49. Kg3 h6 50. Re5 Kg7 51. Kh4 Ra1 52. Kg3 Ra4 53.
f3 Kf6 54. Rf5+ Kg6 55. Rd5 Rb4 56. e4 Rb6 57. e5 Rb4 58. Rd6+ Kg7 59. Rd7 Kg8
60. f4 Rb3+ 61. Kf2 Kf8 62. Rd8+ Ke7 63. Rh8 Rb6 64. Kg3 Rb3+ 65. Kh4 Rb4 66.
Kg3 Rb3+ 67. Kg2 Rb6 68. Kf3 Ra6 69. Ke4 Ra4+ 70. Kf5 Ra6 71. Rb8 Rc6 72. Rb4
Ra6 73. Rd4 Ra1 74. Re4 Ra5 75. Rb4 Ra6 76. Rd4 Ra1 77. Rd6 Rh1 78. Ra6 Rh4 79.
e6 fxe6+ 80. Rxe6+ Kf7 81. Rb6 Kf8 82. Rb7 Kg8 83. g5 hxg5 84. fxg5 Ra4 85. Kg6
Ra6+ 86. Kh5 Rc6 87. g6 Rc1 1/2-1/2

[Event "4NCL 2017-18"]
[Site "England ENG"]
[Date "2018.05.07"]
[Round "11.85"]
[White "Snape, Ian L"]
[Black "Stanisz, Patryk"]
[Result "1-0"]
[WhiteElo "2155"]
[BlackElo "2155"]
[WhiteTeam "The ADs"]
[BlackTeam "Cambridge University"]
[WhiteFideId "404489"]
[BlackFideId "1123106"]
[EventDate "2017.11.11"]

1. d4 d5 2. c4 c6 3. Nf3 Nf6 4. Nc3 e6 5. e3 Nbd7 6. Qc2 Bd6 7. Bd3 O-O 8. O-O
dxc4 9. Bxc4 e5 10. Bd2 exd4 11. exd4 Nb6 12. Bd3 h6 13. Ne5 Bc7 14. Ne2 Nbd5
15. h3 Qe7 16. f4 Nb4 17. Bxb4 Qxb4 18. a3 Qe7 19. Bc4 Be6 20. Bxe6 Qxe6 21. Ng3
Bb6 22. Nf5 Rad8 23. Rae1 Rfe8 24. Kh2 Nd5 25. Rf3 Ne7 26. Nxg7 Kxg7 27. f5 Nxf5
28. Rxf5 f6 29. Ref1 fxe5 30. Qf2 Rd7 31. Rf6 Rde7 32. Qh4 Kg8 33. Qxh6 Qxf6 34.
Rxf6 Rg7 35. Qh5 Ree7 36. Rh6 Rh7 37. Rxh7 Rxh7 38. Qe8+ Kg7 39. dxe5 Rh6 40. g4
Rg6 41. h4 Kh7 42. Qd7+ Rg7 43. Qf5+ Kg8 44. h5 Bc7 45. Kg2 Rf7 46. Qe6 Kf8 47.
h6 Re7 48. Qf6+ Rf7 49. h7 1-0

[Event "4NCL 2017-18"]
[Site "England ENG"]
[Date "2018.05.07"]
[Round "11.86"]
[White "Starley, Robert"]
[Black "Ahluwalia, Amardip"]
[Result "1/2-1/2"]
[WhiteElo "2081"]
[BlackElo "2019"]
[WhiteTeam "Cambridge University"]
[BlackTeam "The ADs"]
[WhiteFideId "421006"]
[BlackFideId "437085"]
[EventDate "2017.11.11"]

1. e4 e5 2. Nf3 Nc6 3. Bb5 a6 4. Bxc6 dxc6 5. O-O Qf6 6. d4 exd4 7. Bg5 Qd6 8.
Nxd4 Bd7 9. Nc3 Be7 10. Bxe7 Nxe7 11. Nb3 Qxd1 12. Raxd1 b6 13. Rd2 O-O-O 14.
Rfd1 c5 15. Nd5 Nxd5 16. Rxd5 f5 17. exf5 Bxf5 18. Rxd8+ Rxd8 19. Rxd8+ Kxd8 20.
c3 Be6 21. f4 a5 22. Kf2 Ke7 23. Nc1 a4 24. a3 Kd6 25. Ke3 Kd5 26. h3 g6 27. g4
h5 28. gxh5 gxh5 29. h4 b5 30. Kd3 Bg4 31. Ke3 c4 32. Na2 c5 33. Nc1 Bd1 34. Kd2
Bg4 35. Ke3 Bd1 36. Kd2 Bg4 37. Ke3 1/2-1/2

[Event "4NCL 2017-18"]
[Site "England ENG"]
[Date "2018.05.07"]
[Round "11.87"]
[White "Walsh, Marcus"]
[Black "Lee, Richard W Y"]
[Result "1-0"]
[WhiteElo "2172"]
[BlackElo "2149"]
[WhiteTeam "The ADs"]
[BlackTeam "Cambridge University"]
[WhiteFideId "452858"]
[BlackFideId "418781"]
[EventDate "2017.11.11"]

1. e4 e6 2. d4 d5 3. Nc3 Nf6 4. Bg5 Be7 5. e5 Nfd7 6. h4 c5 7. Bxe7 Kxe7 8. f4
Nc6 9. dxc5 Qa5 10. Qd2 Qxc5 11. Nf3 Re8 12. O-O-O Kf8 13. Bd3 Kg8 14. g4 a6 15.
h5 b5 16. Bxh7+ Kxh7 17. Qd3+ Kg8 18. Ng5 Qc4 19. Qh7+ Kf8 20. Rhf1 Nd8 21. f5
Nxe5 22. f6 gxf6 23. Qh8+ Ke7 24. Qxf6+ Kd6 25. Rxd5+ Kc6 26. Rxe5 Bd7 27. Rf4 1-0

[Event "4NCL 2017-18"]
[Site "England ENG"]
[Date "2018.05.07"]
[Round "11.88"]
[White "York-Andersen, Anna"]
[Black "Bellin, Jana M"]
[Result "1/2-1/2"]
[BlackTitle "WGM"]
[WhiteElo "1770"]
[BlackElo "2046"]
[WhiteTeam "Cambridge University"]
[BlackTeam "The ADs"]
[WhiteFideId "416789"]
[BlackFideId "402168"]
[EventDate "2017.11.11"]

1. e4 c5 2. Nf3 e6 3. b3 d6 4. Bb5+ Bd7 5. Bxd7+ Nxd7 6. Bb2 Ngf6 7. Qe2 Be7 8.
O-O O-O 9. c4 e5 10. Nc3 g6 11. d3 Nh5 12. Nd5 Ndf6 13. Nxe7+ Qxe7 14. g3 Ne8
15. Nh4 Nhg7 16. Ng2 Nc7 17. f4 f6 18. f5 gxf5 19. exf5 d5 20. Qf3 Qd7 21. Ne3
Rad8 22. Rad1 1/2-1/2